000 00783cam a2200253 4500
008 090401t1988 xxu||||| |||| 00| 0 eng d
020 _a0851253563
035 _a(Sirsi) u19394
041 _aeng
050 _a693.1
100 _aHart, Diane
245 4 _aThe building magnesian limestones of the British Isles.
260 _aGarston, Watford
_bBuilding Research Establishment
_c1988
300 _aiii,21p. : ill. ; 30cm.
350 _a20
490 _aBRE Building Renewal
_v134
490 _aBuilding
_v134 Research Establishment Report
650 _aMAGNESIAN LIMESTONES
650 _aBUILT ENVIRONMENT-BUILDING MATERIALS-STONE
690 _aBUILT ENVIRONMENT-BUILDING MATERIALS
710 _aBuilding Research Establishment
942 _n0
948 _c04/03/1997
999 _c87673
_d87673